| 000 | 00432cam a2200157ua 4500 | ||
|---|---|---|---|
| 003 | OSt | ||
| 008 | 250106b |||||||| |||| 00| 0 eng d | ||
| 041 | _aeng | ||
| 082 |
_a621.3 _bKOT/TH |
||
| 100 |
_aKothari, D.P . _9359 |
||
| 245 | _aTheory and problems of basic electrical engineering / | ||
| 260 |
_aNew Delhi : _bPrentice Hall of India Pvt Ltd. , _c2008. |
||
| 300 | _a ; . | ||
| 700 | 1 |
_aNagrath, I.J . _91329 |
|
| 942 | _cBK | ||
| 999 |
_c13469 _d13469 |
||